000 00632nam a2200157 a 4500
008 130408s2009 ||||||||||||||||| || u
020 _a9780071221818
050 _aQR 63 Bro
100 _aBrown, Alfred E
245 1 0 _aBenson's Microbiological Applications: laboratory manual in general microbiology. (12th ed.)
_cby Alfred E. Brown
250 _a12th ed.
260 _aNew York:
_bMcGraw-Hill
_c2009
300 _axvi, 515p. (various pagings): ill.
650 _aMICROBIOLOGY--LABORATORY MANUALS
995 _FCBU-MAIN LIBRARY (Kitwe)
_M1
_UAVAILABLE
_WMay 22, 2013
_ZShort Loan Collection
999 _c35734
_d35734